LEADER 01014oam 2200325zu 450 001 996217149803316 005 20210807003549.0 035 $a(CKB)111026746728482 035 $a(SSID)ssj0000443392 035 $a(PQKBManifestationID)12192903 035 $a(PQKBTitleCode)TC0000443392 035 $a(PQKBWorkID)10455945 035 $a(PQKB)10988013 035 $a(EXLCZ)99111026746728482 100 $a20160829d2000 uy 101 0 $aeng 181 $ctxt 182 $cc 183 $acr 200 14$aThe 3rd World Congress on Intelligent Control and Automation 210 31$a[Place of publication not identified]$cI E E E$d2000 300 $aBibliographic Level Mode of Issuance: Monograph 311 $a0-7803-5995-X 676 $a629.89 712 02$aInstitute of Electrical and Electronics Engineers, Inc. Staff 801 0$bPQKB 906 $aPROCEEDING 912 $a996217149803316 996 $aThe 3rd World Congress on Intelligent Control and Automation$92498261 997 $aUNISA LEADER 01193nam a2200289 i 4500 001 991001366379707536 008 110907s1996 de b 001 0 ger d 020 $a3823345919 035 $ab14003156-39ule_inst 040 $aDip.to Lingue$bita 082 0 $a070.4014 245 10$aVermuten :$bNominale Ausdrucksmittel im Wissenschaftsjournalismus (Deutsch-Englisch-Französisch) /$cGisela Thiel, Gisela Thome 260 $aTübingen :$bGunter Narr,$c1996 300 $a167 p. ;$c23 cm 440 0$aForum für Fachsprachen-Forschung ;$v29 504 $aContiene riferimenti bibliografici ed indice 650 4$aGiornalismo$xLinguaggio 650 4$aLinguaggio giornalistico 650 4$aCorpora (Linguistica) 700 1 $aThiel, Gisela$eauthor$4http://id.loc.gov/vocabulary/relators/aut$0731745 700 1 $aThome, Gisela$eauthor$4http://id.loc.gov/vocabulary/relators/aut$0731746 907 $a.b14003156$b02-04-14$c07-09-11 912 $a991001366379707536 945 $aLE012 070.401 4 THI$g1$i2012000449855$lle012$o-$pE0.00$q-$rl$s- $t0$u0$v0$w0$x0$y.i15313761$z07-09-11 996 $aVermuten$91441703 997 $aUNISALENTO 998 $ale012$b07-09-11$cm$da $e-$fger$gde $h0$i0